000 01026nam a2200289 i 4500
003 EG-GICUC
005 20260121101057.0
008 251028s2014 ua |||fr|||| 00| 0 ara d
040 _a EG-GICUC
_bara
_c EG-GICUC
_d EG-GICUC
_erda
041 0 _aara
082 0 4 _221
_a341.77
_bم ر . ا
092 0 4 _221
099 _aLaw1 11 341.77 م ر . ا 2014
100 0 _aمروان عادل عبده
_eمؤلف.
245 0 2 _aاستراتيجية موجهة التداعيات الأمنية للأزمات الدولية/
_cمروان عادل عبده.
264 1 _aمصر:
_c2014.
300 _a؛533 صفحة
_c24 سم
336 _2rda content
_atext
337 _2rda media
_aComputer
338 _2rda carrier
_aOnline Resource
546 _aالنص باللغة العربية
650 0 4 _aالقانون الدولي العام
650 0 4 _aالقانون الدولي الجنائي
856 4 0 _uhttps://fll.law.cu.edu.eg/fulltext/bks/B11-06455.pdf
905 _aLogain Ashraf
942 _2ddc
_cBK
_e21
_n0
999 _c38169
_d38169